000 00267nam a2200097Ia 4500
082 _aST 909 BOTT
245 0 _aHistory. Grade 12 : learner's book
100 _a BOTTARO, Jean Cape Town, 2009
_995497
942 _cBK
008 210817s9999 xx 000 0 und d
999 _c396383
_d396382